Normal view
MARC view
- Campos Cannobbio, Valeria
Entry Nombre Personal
001 - NUMERO DE CONTROL
- campo de control: 58775
003 - IDENTIFICADOR DE NUMERO DE CONTROL
- campo de control: MX-MxUPN
005 - FECHA Y HORA DE LA ÜLTIMA TRANSACCIÓN
- campo de control: 20260213144331.0
008 - DATOS DE LONGITUD FIJA
- campo de control de longitud fija: 260213|| aca||aabn | aaa d
040 ## - FUENTE DE CATALOGACIÓN
- Agencia original de catalogación: MX-MxUPN
- Lenguaje de catalogación: spa
- Agencia de transcripción: MX-MxUPN
100 1# - ENCABEZAMIENTO - NOMBRE PERSONAL
- Nombre personal: Campos Cannobbio, Valeria
371 ## - DIRECCIÓN
- Electronic mail address: vcamposc@docente.uss.cl
373 ## - GRUPO ASOCIADO
- Associated group: Universidad San Sebastián
- Fuente del término: naf
377 ## - LENGUA ASOCIADA
- Language code: spa
670 ## - FUENTE EN LA QUE SE LOCALIZARON DATOS
- Cita de la fuente: Estudios pedagógicos, vol. 51, no 2 (2025):
- Información localizada: página 289 (Valeria Campos Cannobbio; Universidad San Sebastián, Chile; vcamposc@docente.uss.cl)
902 ## - CATALOGADOR
- Catalogador: Víctor Ruiz/130226
